000 00440nam a2200181Ia 4500
001 14827
005 20260306164942.0
008 260306t2004||||xx |||||||||||||| ||spa||
041 _aESP
082 _a519.4
_bL33
100 _aLeader Jeffery J.
_eAUT
245 0 _aNumerical analysis and scientific computation
260 _c2004
300 _a590 páginas :
_c24 cm.
650 _aGEN
654 _aCMA
942 _cLIB
_dJUS
_fJUS
_2ddc
_n
999 _c14827
_d14827